| 000 | 00596nam a2200193Ia 4500 | ||
|---|---|---|---|
| 005 | 20250923144632.0 | ||
| 008 | 008 250917s9999 xx 000 0 eng d | ||
| 037 | _aTextual | ||
| 040 |
_aDSWL _beng _cDSWL |
||
| 041 |
_aeng _2eng |
||
| 084 |
_aY15:7:7.2'N3, N36 _qDSWL |
||
| 100 |
_aDatta, Kalikinkar _9826848 |
||
| 245 | 0 |
_aEducation and social amelioration of women in pre-muting India _cby Kalikinkar Datta |
|
| 260 |
_aPatna _b Law Press _c1936 |
||
| 365 |
_aINR _b4.50 |
||
| 925 | _g4.50 | ||
| 942 |
_cTEXL _hY15:7:7.2'N3, N36 |
||
| 999 |
_c1441456 _d1441456 |
||